00233nam a22000857a 4500008004100000082001100041245006600052300001100118440001800129180806b xxu||||| |||| 00| 0 eng d a813.52 aIntroductory Adobe photoshop CS2 advancedcStudent data files a16fCD x9781423971986